| 000 | 00564cab a2200217 4500 | ||
|---|---|---|---|
| 001 | X159 | ||
| 008 | 090401t1992 xxu||||| |||| 00| 0 eng d | ||
| 035 | _a(Sirsi) u64196 | ||
| 041 | _aeng | ||
| 100 | _aPannell, B. | ||
| 245 | _aSurvey of mortgage lending in 1991 | ||
| 260 | _c1992 | ||
| 350 | _a0 | ||
| 490 |
_aHousing Finance _v(14) May 1992, 8-19(12) |
||
| 650 | _aHOUSING TYPES | ||
| 650 | _aMORTGAGES | ||
| 650 | _aREGIONAL DISTRIBUTION | ||
| 690 | _aPROPERTY-RESIDENTIAL PROPERTY-RESIDENTIAL PROPERTY MARKET | ||
| 942 | _n0 | ||
| 948 | _c04/03/1997 | ||
| 999 |
_c39969 _d39969 |
||